|
|
|
|
| LEADER |
01307nam a2200349 4500 |
| 001 |
DLU140165156 |
| 005 |
##20141105 |
| 020 |
# |
# |
|a 9786049305955
|
| 040 |
# |
# |
|a DLU
|b vie
|
| 041 |
# |
# |
|a vie
|
| 044 |
# |
# |
|a vn
|
| 082 |
# |
# |
|a 630.959 7
|b NG-B
|
| 100 |
# |
# |
|a Ngô Văn Ban.
|
| 245 |
# |
# |
|a Nghề nông cổ truyền vùng đất Khánh Hoà xưa /
|c Ngô Văn Ban, Võ Triều Dương.
|
| 260 |
# |
# |
|a H. :
|b Thời đại,
|c 2013.
|
| 300 |
# |
# |
|a 551 tr. ;
|c 21 cm.
|
| 504 |
# |
# |
|a Tài liệu tham khảo: tr.529.
|
| 505 |
# |
# |
|a Chương I. Vùng đất Khánh Hoà -- Chương II. Đất đai chân ruộng và quân cấp ruộng đất tại các huyện -- Chương III. Công tác thuỷ lợi và nông vụ hàng năm -- Chương IV. Nông cụ, vật dụng và cách sử dụng trong nghề nông cổ truyền -- Chương V. Canh tác nghề nông -- Chương VI. Chăn nuôi trâu.
|
| 650 |
# |
# |
|a Nghề nghiệp
|z Việt Nam
|z Khánh Hoà.
|
| 651 |
# |
# |
|a Khánh Hoà (Việt Nam)
|x Đời sống xã hội và tập quán.
|
| 700 |
# |
# |
|a Võ Triều Dương.
|
| 923 |
# |
# |
|a 04/2014
|
| 991 |
# |
# |
|a SH
|
| 992 |
# |
# |
|a 22100
|
| 994 |
# |
# |
|a DLU
|
| 900 |
# |
# |
|a True
|
| 911 |
# |
# |
|a Đào Thị Thu Huyền
|
| 925 |
# |
# |
|a G
|
| 926 |
# |
# |
|a A
|
| 927 |
# |
# |
|a SH
|
| 980 |
# |
# |
|a Thư viện Trường Đại học Đà Lạt
|